000 02525nam a22003014i 4500
001 991061721311606706
003 ES-BaIT
005 20260224121617.0
008 260219s2025 sp o f 000 0 spa c
020 _a9788409722730
040 _aES-BaIT
_bcat
_erda
_cES-BaIT
080 _a792.028.07
100 1 _aGarzón Rodríguez, Silvia
_eautor
_9168646
245 1 0 _aDanzando con maestros :
_bcuaderno de viaje de una actriz de Atalaya /
_cSilvia Garzón Rodríguez
264 1 _a[España] :
_bSilvia Garzón,
_c2025
300 _a318 pàgines :
_bil·lustracions, fotografies (blanc i negre) ;
_c23 cm
336 _atext
_btxt
_2rdacontent
337 _asense mediació
_bn
_2rdamedia
338 _avolum
_bnc
_2rdacarrier
520 _a"¿Cómo se forma un actor a lo largo de los años? ¿Qué queda en el cuerpo y en la voz tras cada encuentro con un maestro? Este libro es la respuesta a esas preguntas.A lo largo de más de 25 años, Silvia Garzón Rodríguez ha recorrido un camino apasionante como actriz de Atalaya Teatro y pedagoga en el Laboratorio Internacional del Actor TNT, colaborando con maestros y maestras de todo el mundo. En estas páginas, comparte un cuaderno de viaje único, lleno de técnicas, reflexiones y vivencias que inspirarán tanto a profesionales de las artes escénicas como a estudiantes y amantes del teatro.El lector encontrará un recorrido vivo por el teatro físico, la técnica vocal para actores, el uso del cuerpo poético y el trabajo en grupo, explorando tradiciones teatrales de Oriente y Occidente:teatro balinés, kathakali, teatro Nô, butoh,tragedia griega, teatro brechtiano, teatro isabelino,mimo, biomecánica, clown, candomblé, danza contemporánea.Especial atención recibe el trabajo sobre la voz, el canto y el texto, con enseñanzas de maestros como Esperanza Abad, Linda Wise, Vicente León o Esteve Graset, esenciales para la formación integral del actor. Danzando con Maestros no es solo un libro de técnicas teatrales: es un homenaje a la transmisión del saber artístico, a la pasión por el teatro como arte transformador y a la búsqueda constante del actor-creador. Un libro imprescindible para quienes desean explorar nuevas dimensiones del cuerpo, la voz y el alma sobre el escenario." -- Amazon
600 1 0 _aGarzón Rodríguez, Silvia
_9168646
650 7 _aActors
_xFormació
_956119
650 0 _aActrius
_xFormació
_988625
650 7 _aArts de l'espectacle
_xEnsenyament
_956259
908 _aCDMAE
940 _aCVA38
942 _2udc
_c1
999 _c137120
_d137120